| 000 | 00932cai a22002055a 4500 | ||
|---|---|---|---|
| 001 | L156071 | ||
| 008 | 120427u2012 xxk g 000 0 eng d | ||
| 035 | _a(Sirsi) u156071 | ||
| 041 | 0 | _aeng | |
| 110 | 2 |
_aGovernment of Ireland _bDepartment of Communications Energy and Natural Resources _96055 |
|
| 245 | 0 | 0 |
_aGovernment of Ireland _bDepartment of Communications Energy and Natural Resources _h[electronic resource] |
| 260 |
_aDublin _bDCENR _c2012 |
||
| 520 | _aDepartment of Communications, Energy and Natural Resources promotes security, sustainability and competitiveness of energy supply for the economy and society. This is set in the context of emerging EU and global energy developments. | ||
| 590 | _aKA | ||
| 651 | 4 |
_aIreland (Republic of) _y |
|
| 690 |
_aEnergy _96237 |
||
| 690 |
_aEnvironment _96238 |
||
| 856 | 4 | 0 |
_uhttps://www.dcenr.gov.ie/Energy/ _zView the website free of charge at www.dcenr.gov.ie |
| 942 | _n0 | ||
| 999 |
_c120981 _d120981 |
||